000 00378nam a2200145 i 4500
001 bg
100 1 _aBARCIK, Anna
245 0 _aZainteresowania humanistyczne studentów uczelni technicznych /
_cAnna Barcik.
260 _aKatowice,
_c1980.
040 _cBPK
041 _apol
080 _a378.18:008:378.662(438)
942 _cKS
008 s pl f |000 0 pol
999 _c19860
_d19860
856 _uhttp://koha.tu.koszalin.pl/cgi-bin/koha/opac-detail.pl?biblionumber=19860
_yKatalog online BPK